000 00824nam a2200241Ia 4500
003 OSt
005 20220925223911.0
006 a|||||r|||| 00| 0
007 ta
008 220923b |||||||| |||| 00| 0 eng d
020 _a9780415833776
_c6948.2399999999998
037 _b952, 19/03/2014, The Bookseller
_cGeneral Book
040 _aRTL
_cRTL
_beng
041 _2eng
_aeng
082 _aU43:(D8).61, Q4
100 _aVLIET Bas van
_9290481
245 0 _aUrban waste and sanitation services for sustainable development
_b Harnessing social and technical diversity in East Africa
260 _aLondon
_bRoutledge
_c2014
300 _ax,158p
_ccm.
650 _aGeography
942 _hU43:(D8).61, Q4
_cGB
_2CC
999 _c580594
_d580594